[Event "XXXII C.to Italiano Seniores"]
[Site "Arvier ITA"]
[Date "2010.04.26"]
[Round "8"]
[White "Squarci, Franco"]
[Black "Quagliarella, Sabino Remo"]
[Result "0-1"]
[WhiteElo "1795"]
[BlackElo "1916"]
[PlyCount "128"]
[EventDate "2010.04.18"]

1. d4 d5 2. Nf3 Nf6 3. Nbd2 Bf5 4. Ne5 e6 5. Ndf3 Be7 6. Bg5 h6 7. Bh4 O-O 8.
e3 c5 9. c3 c4 10. h3 Nbd7 11. g4 Bh7 12. Rg1 Ne4 13. Bxe7 Qxe7 14. Nxd7 Qxd7
15. g5 hxg5 16. Nxg5 Nxg5 17. Rxg5 f6 18. Rg3 Qf7 19. Be2 f5 20. h4 Qf6 21. Rg5
Bg6 22. Bh5 Be8 23. Bxe8 Rfxe8 24. Qh5 Kf8 25. Rg6 Qf7 26. O-O-O Rac8 27. Rdg1
Rc7 28. Qg5 Qe7 29. Qh5 Qf7 30. Qh7 Qg8 31. Qh5 Qf7 32. a3 a5 33. Qh7 Qg8 34.
Rf6+ Rf7 35. Rxf7+ Kxf7 36. Qg6+ Kf8 37. Rg5 Qf7 38. Qh7 Qg8 39. Qh5 Qf7 40.
Rg6 Re7 41. Qg5 Ke8 42. h5 Kd7 43. Kb1 Qf8 44. h6 gxh6 45. Rxh6 Rg7 46. Rg6
Rxg6 47. Qxg6 Qe7 48. Qh6 b5 49. Qg6 b4 50. axb4 axb4 51. cxb4 Qxb4 52. Qg7+
Kc6 53. Qg1 Qd2 54. Qc1 Qd3+ 55. Ka1 Kb5 56. Qc3 Qd1+ 57. Ka2 Qa4+ 58. Kb1 Qb3
59. Qc1 Kb4 60. Ka1 c3 61. bxc3+ Qxc3+ 62. Qb2+ Kc4 63. Ka2 Qxb2+ 64. Kxb2 Kd3
0-1

[Event "XXXII C.to Italiano Seniores"]
[Site "Arvier ITA"]
[Date "2010.04.26"]
[Round "8"]
[White "Viola, Mario"]
[Black "Catalano, Luigi"]
[Result "1-0"]
[WhiteElo "2065"]
[BlackElo "1659"]
[PlyCount "119"]
[EventDate "2010.04.18"]

1. d4 g6 2. Nf3 d6 3. e4 e6 4. c3 Ne7 5. Bg5 Bg7 6. Bd3 h6 7. Be3 Nd7 8. Nbd2
a6 9. Qc2 O-O 10. Nb3 b6 11. Qd2 Kh7 12. h4 Bb7 13. h5 Rh8 14. hxg6+ fxg6 15.
Ng5+ Kg8 16. Nxe6 Qc8 17. Nxg7 Kxg7 18. Bxh6+ Kf7 19. O-O-O Qg8 20. Rh3 Ke8 21.
Rg3 Qh7 22. Bg5 Rg8 23. Qe3 Nf8 24. Bc4 Kd7 25. Bxg8 Nxg8 26. d5 Re8 27. Qd3
Kc8 28. Nd4 Kb8 29. Rh3 Qf7 30. f3 Nf6 31. Bxf6 Qxf6 32. Rdh1 Bc8 33. Kc2 Kb7
34. Qd2 Bxh3 35. Rxh3 Nd7 36. Nc6 Ne5 37. Nxe5 Qxe5 38. Qf2 Rf8 39. Qg3 Qg7 40.
Qg5 a5 41. Qh6 Qf6 42. Rg3 Rg8 43. Qg5 Qf7 44. Kd3 b5 45. f4 Kb6 46. b3 b4 47.
c4 Qg7 48. e5 Kc5 49. Qf6 Qh7 50. e6 Kb6 51. Qf7 Qg7 52. Qxg7 Rxg7 53. Rf3 c6
54. f5 cxd5 55. cxd5 Kc5 56. f6 Rc7 57. Ke4 Kb6 58. f7 Rc3 59. Rxc3 bxc3 60.
Kd3 1-0

[Event "XXXII C.to Italiano Seniores"]
[Site "Arvier ITA"]
[Date "2010.04.27"]
[Round "9"]
[White "Acunzo, Domenico"]
[Black "Renzini, Lorenzo"]
[Result "1/2-1/2"]
[WhiteElo "1804"]
[BlackElo "1746"]
[PlyCount "60"]
[EventDate "2010.04.18"]

1. e4 c5 2. Nf3 e6 3. d4 cxd4 4. Nxd4 Nf6 5. Nc3 a6 6. a4 d6 7. Be2 Be7 8. O-O
Qc7 9. Be3 Nbd7 10. f4 Nc5 11. Bf3 Rb8 12. Qd2 O-O 13. e5 dxe5 14. fxe5 Nfd7
15. b4 Nxe5 16. bxc5 Nc4 17. Qe2 Nxe3 18. Qxe3 Bxc5 19. Ne4 Ba7 20. Kh1 Qb6 21.
c3 e5 22. Rab1 exd4 23. Qf4 Qd8 24. cxd4 Be6 25. Ng5 Qxd4 26. Be4 g6 27. Qh4
Qg7 28. Bxb7 Bf5 29. Be4 Rxb1 30. Rxb1 Bxe4 1/2-1/2

[Event "XXXII C.to Italiano Seniores"]
[Site "Arvier ITA"]
[Date "2010.04.27"]
[Round "9"]
[White "Antonelli, Fabrizio"]
[Black "Laco, Giuseppe"]
[Result "1/2-1/2"]
[WhiteElo "2030"]
[BlackElo "2105"]
[PlyCount "82"]
[EventDate "2010.04.18"]

1. e4 c5 2. Nf3 e6 3. d4 cxd4 4. Nxd4 a6 5. Bd3 b5 6. O-O Bb7 7. Be3 Qc7 8. Qe2
Nf6 9. Nd2 Nc6 10. Nxc6 Qxc6 11. Rac1 h5 12. f3 Bd6 13. Rfe1 Bc7 14. c4 b4 15.
c5 d5 16. exd5 Nxd5 17. Be4 O-O 18. Nb3 f5 19. Nd4 Qe8 20. c6 Bc8 21. Bxd5 exd5
22. Bf2 Qg6 23. Qd2 f4 24. Nb3 Rd8 25. Bd4 Bd6 26. Be5 Bf8 27. Bxf4 d4 28. Nxd4
Bh3 29. Be3 Rd5 30. Qf2 Re8 31. Nb3 h4 32. Kh1 Bc8 33. Qxh4 Rh5 34. Qc4+ Be6
35. Qf4 Bxb3 36. axb3 Bd6 37. Qc4+ Kf8 38. Bf4 Rxh2+ 39. Kxh2 Qh6+ 40. Kg3 Qg5+
41. Kf2 Qh4+ 1/2-1/2

[Event "XXXII C.to Italiano Seniores"]
[Site "Arvier ITA"]
[Date "2010.04.27"]
[Round "9"]
[White "Barlocco, Carlo"]
[Black "Neri, Angelo"]
[Result "1-0"]
[WhiteElo "2173"]
[BlackElo "1930"]
[PlyCount "80"]
[EventDate "2010.04.18"]

1. Nc3 d5 2. d4 c6 3. Nf3 Nf6 4. Bg5 Nbd7 5. e3 e6 6. Bd3 Be7 7. O-O O-O 8. a3
c5 9. dxc5 Nxc5 10. b4 Nce4 11. Bxe4 dxe4 12. Nd2 Nd5 13. Bxe7 Nxc3 14. Bxd8
Nxd1 15. Be7 Re8 16. Raxd1 Rxe7 17. Nxe4 Bd7 18. c4 Bc6 19. Nc3 Kf8 20. Rd6 Rd7
21. Rxd7 Bxd7 22. Ne4 Bc6 23. Nc3 Rd8 24. Rd1 Rxd1+ 25. Nxd1 Ke7 26. Nc3 f6 27.
f4 e5 28. f5 g6 29. g4 Be8 30. Kf2 h5 31. Nd5+ Kf7 32. fxg6+ Kxg6 33. gxh5+ Kg5
34. h6 Kxh6 35. Nxf6 Ba4 36. Ng4+ Kg5 37. Nxe5 Kf5 38. Nd3 b6 39. Ke2 Ke4 40.
Nf2+ Ke5 1-0

[Event "XXXII C.to Italiano Seniores"]
[Site "Arvier ITA"]
[Date "2010.04.27"]
[Round "9"]
[White "Battaglia, Emanuele"]
[Black "Bonino, Silvano"]
[Result "1-0"]
[WhiteElo "1675"]
[BlackElo "1428"]
[PlyCount "81"]
[EventDate "2010.04.18"]

1. d4 d5 2. c4 c6 3. cxd5 cxd5 4. Nc3 Nf6 5. h3 Nc6 6. Bf4 e6 7. a3 Bd6 8. Bxd6
Qxd6 9. Nf3 a6 10. e3 O-O 11. Bd3 Re8 12. O-O h6 13. Qc2 b5 14. b4 Bb7 15. Rac1
Rac8 16. Qb1 e5 17. dxe5 Nxe5 18. Nxe5 Rxe5 19. Ne2 Ree8 20. Nd4 Ne4 21. Bxe4
dxe4 22. Rxc8 Rxc8 23. Rc1 Rxc1+ 24. Qxc1 g6 25. Qc3 Qd7 26. Qc5 Qc8 27. Qxc8+
Bxc8 28. Kf1 Kf8 29. Ke2 Ke7 30. Kd2 Bb7 31. Nb3 Bd5 32. Nc5 Bc4 33. Ke1 f5 34.
Nxa6 Kd7 35. Nc5+ Kd6 36. g3 h5 37. h4 Ke7 38. Kd2 Kd6 39. Kc3 Ke5 40. a4 Bf1
41. a5 1-0

[Event "XXXII C.to Italiano Seniores"]
[Site "Arvier ITA"]
[Date "2010.04.27"]
[Round "9"]
[White "Bisignano, Giuseppe"]
[Black "Rosino, Antonio"]
[Result "0-1"]
[WhiteElo "1942"]
[BlackElo "2235"]
[PlyCount "76"]
[EventDate "2010.04.18"]

1. e4 e5 2. Nf3 Nc6 3. Bb5 a6 4. Ba4 Nf6 5. d4 exd4 6. e5 Ne4 7. O-O Nc5 8.
Bxc6 dxc6 9. Nxd4 Ne6 10. Nxe6 Bxe6 11. Qe2 Qh4 12. Nd2 O-O-O 13. Ne4 Rd4 14.
f3 Bc4 15. Qe1 Be7 16. g3 Qh5 17. Rf2 Qxe5 18. Bf4 Qe6 19. b3 Bd5 20. Qa5 Bd6
21. Nxd6+ cxd6 22. c4 Qf6 23. Re1 Be6 24. c5 Qd8 25. Qc3 dxc5 26. Qxc5 Rd1 27.
Rxd1 Qxd1+ 28. Rf1 Qd5 29. Qb6 Qd7 30. Kf2 Rd8 31. Rd1 Qe7 32. Qa7 Rxd1 33.
Qb8+ Kd7 34. Qxb7+ Ke8 35. Qxc6+ Qd7 36. Qxa6 f6 37. b4 Qd4+ 38. Be3 Rd2+ 0-1

[Event "XXXII C.to Italiano Seniores"]
[Site "Arvier ITA"]
[Date "2010.04.27"]
[Round "9"]
[White "Catalano, Luigi"]
[Black "Rotelli, Pietro"]
[Result "0-1"]
[WhiteElo "1659"]
[BlackElo "1993"]
[PlyCount "103"]
[EventDate "2010.04.18"]

1. e4 c6 2. d4 d5 3. e5 c5 4. c3 Nc6 5. Bb5 Qb6 6. Ba4 e6 7. a3 Bd7 8. Bxc6
Bxc6 9. Ne2 Ne7 10. Nd2 Nf5 11. Nf3 Be7 12. O-O O-O 13. Rb1 a5 14. Bg5 Bxg5 15.
Nxg5 Bb5 16. dxc5 Qxc5 17. Nf3 Rfc8 18. Ned4 Bxf1 19. Kxf1 Nxd4 20. Nxd4 Qc4+
21. Kg1 Rab8 22. a4 Qc7 23. Qe2 Qd7 24. Qb5 Qxb5 25. Nxb5 f6 26. f4 Rc4 27. Nd4
Kf7 28. exf6 gxf6 29. Rd1 Re8 30. Nb5 Rd8 31. Nd4 Rd6 32. Nb5 Rb6 33. b3 Rxf4
34. g3 Rg4 35. Kf2 Rc6 36. Kf3 Rg8 37. Rd3 Rd8 38. Rd2 b6 39. c4 d4 40. g4 Rd7
41. Kf2 Kg6 42. Kg3 Rc8 43. Rd1 Rg8 44. Re1 h5 45. h3 hxg4 46. h4 f5 47. Na3
f4+ 48. Kg2 Kf5 49. Nb1 Rh8 50. Nd2 Rxh4 51. Re4 Rdh7 52. Re2 0-1

[Event "XXXII C.to Italiano Seniores"]
[Site "Arvier ITA"]
[Date "2010.04.27"]
[Round "9"]
[White "Cavatorta, Fosco"]
[Black "De Polzer, Manfredi"]
[Result "1/2-1/2"]
[WhiteElo "1981"]
[BlackElo "1795"]
[PlyCount "60"]
[EventDate "2010.04.18"]

1. d4 d5 2. Nf3 Nf6 3. e3 e6 4. Bd3 Bd6 5. O-O Ne4 6. Bxe4 dxe4 7. Nfd2 O-O 8.
Nxe4 Bxh2+ 9. Kxh2 Qh4+ 10. Kg1 Qxe4 11. c4 b6 12. Nc3 Qg6 13. Qf3 c6 14. Rd1
e5 15. Re1 Na6 16. a3 Rb8 17. b4 Nc7 18. d5 cxd5 19. Nxd5 Nxd5 20. cxd5 e4 21.
Qg3 Qxg3 22. fxg3 Rd8 23. Rd1 Rd6 24. Bb2 f6 25. Rac1 Bb7 26. Rc7 a5 27. bxa5
bxa5 28. Bd4 Bxd5 29. Bc5 Rc6 30. Rxc6 Bxc6 1/2-1/2

[Event "XXXII C.to Italiano Seniores"]
[Site "Arvier ITA"]
[Date "2010.04.27"]
[Round "9"]
[White "Centofante, Maria Rosa"]
[Black "Chiapponi, Paola"]
[Result "1-0"]
[WhiteElo "1585"]
[BlackElo "1735"]
[PlyCount "91"]
[EventDate "2010.04.18"]

1. d4 d5 2. Nf3 Nf6 3. c4 e6 4. Nc3 c6 5. Bg5 dxc4 6. e4 h6 7. Bxf6 Qxf6 8.
Bxc4 Bb4 9. e5 Qe7 10. O-O O-O 11. a3 Ba5 12. b4 Bc7 13. Ne4 b5 14. Bd3 Rd8 15.
Qc2 Bb6 16. Nc5 a5 17. Qc3 a4 18. Rfe1 Ra7 19. Be4 Rc7 20. Rad1 Na6 21. h3 Bxc5
22. dxc5 Rcd7 23. Rd6 Bb7 24. Bxc6 Bxc6 25. Rxc6 Rd3 26. Qc1 Nc7 27. Rd6 Nd5
28. Rd1 Rc3 29. Qb2 Rc4 30. Rd4 Rxd6 31. exd6 Qf6 32. Qd2 Rc3 33. Rd3 Rb3 34.
Nd4 Rb1+ 35. Kh2 Qe5+ 36. g3 Qe4 37. Nf3 Nf6 38. Re3 Qc4 39. Re1 Rb3 40. Re3
Nd7 41. Nd4 Rxe3 42. Qxe3 e5 43. Nf5 e4 44. Ne7+ Kf8 45. c6 Ne5 46. c7 1-0

[Event "XXXII C.to Italiano Seniores"]
[Site "Arvier ITA"]
[Date "2010.04.27"]
[Round "9"]
[White "Chiandussi, Livio"]
[Black "Brugnolo, Paolo"]
[Result "0-1"]
[WhiteElo "1551"]
[BlackElo "1501"]
[PlyCount "114"]
[EventDate "2010.04.18"]

1. d4 d5 2. c4 Nf6 3. cxd5 Nxd5 4. e4 Nf6 5. Nc3 Bg4 6. Be2 Bxe2 7. Ngxe2 e6 8.
O-O Be7 9. h3 O-O 10. Bf4 h6 11. a3 Nh7 12. Rc1 Ng5 13. Qd3 a6 14. Na4 Qd7 15.
Rxc7 Qxa4 16. Rxe7 Qb5 17. Qxb5 axb5 18. Bxg5 hxg5 19. Rxb7 Ra5 20. Rc1 Rd8 21.
Rcc7 Rf8 22. Nc3 Na6 23. Rd7 e5 24. Rxb5 Rxb5 25. Nxb5 exd4 26. Rxd4 Re8 27. f3
Nc5 28. Kf2 Ne6 29. Rd7 Rb8 30. Rd5 f6 31. b4 Nf4 32. Rf5 Rd8 33. Kg1 Rd1+ 34.
Kh2 Rd2 35. Rc5 Rxg2+ 36. Kh1 Rg3 37. e5 Rxh3+ 38. Kg1 Rxf3 39. exf6 gxf6 40.
Rc3 Ne2+ 41. Kg2 Rxc3 42. Nxc3 Nxc3 43. Kf3 Kf7 44. Ke3 Ke6 45. Kd3 Nd5 46. b5
g4 47. a4 g3 48. Ke2 Nc3+ 49. Kf3 Nxa4 50. Kxg3 f5 51. Kf3 Ke5 52. Ke3 f4+ 53.
Kf3 Kf5 54. Kf2 Ke4 55. Kf1 Ke3 56. Ke1 f3 57. Kf1 f2 0-1

[Event "XXXII C.to Italiano Seniores"]
[Site "Arvier ITA"]
[Date "2010.04.27"]
[Round "9"]
[White "Gardi, Giuseppe"]
[Black "Caldi, Mario"]
[Result "1-0"]
[WhiteElo "2024"]
[BlackElo "1819"]
[PlyCount "105"]
[EventDate "2010.04.18"]

1. d4 Nf6 2. Nf3 g6 3. Nc3 d5 4. Bf4 Bg7 5. Qd2 Bf5 6. Ne5 c6 7. f3 h5 8. e3
Nbd7 9. Bd3 Bxd3 10. Qxd3 Nf8 11. Qd2 Ne6 12. Bg3 h4 13. Bf2 Nd7 14. Nxd7 Qxd7
15. Na4 b5 16. Nc3 a5 17. a3 Qb7 18. O-O g5 19. Ne2 a4 20. h3 f5 21. Qe1 Kd7
22. Kh1 Rag8 23. Ng1 Bf6 24. e4 dxe4 25. fxe4 f4 26. e5 Bg7 27. Rd1 g4 28. Qe4
Nc7 29. Qxf4 Kc8 30. Qxg4+ Kb8 31. Qe4 Nd5 32. Be3 e6 33. Nf3 Bh6 34. Bxh6 Rxh6
35. Nh2 Rhg6 36. Rf8+ Rxf8 37. Qxg6 Qe7 38. Rf1 Rxf1+ 39. Nxf1 Nf4 40. Qf6 Qxf6
41. exf6 Kc8 42. Nh2 Kd8 43. Nf3 Ng6 44. Kh2 Kc7 45. Ne5 Nf8 46. g4 hxg3+ 47.
Kxg3 Kd6 48. Kf4 c5 49. dxc5+ Kxc5 50. c3 Kd5 51. h4 Nh7 52. f7 Nf8 53. h5 1-0

[Event "XXXII C.to Italiano Seniores"]
[Site "Arvier ITA"]
[Date "2010.04.27"]
[Round "9"]
[White "Giani, Franco"]
[Black "Viola, Mario"]
[Result "1-0"]
[WhiteElo "1985"]
[BlackElo "2065"]
[PlyCount "97"]
[EventDate "2010.04.18"]

1. e4 c5 2. Nf3 e6 3. c3 Ne7 4. d4 Ng6 5. Be3 cxd4 6. cxd4 d6 7. Nc3 Be7 8. Bd3
Nd7 9. O-O O-O 10. Rc1 a6 11. a3 e5 12. Nd5 exd4 13. Bxd4 Nge5 14. Be2 Nc6 15.
Nxe7+ Qxe7 16. Be3 Rd8 17. Qc2 Nde5 18. Nd4 Bd7 19. h3 Nxd4 20. Bxd4 Nc6 21.
Bc3 Be6 22. f4 f6 23. Rf3 Bf7 24. Rg3 Re8 25. Bd3 Bg6 26. Re1 d5 27. f5 Bf7 28.
Qf2 Qd6 29. Bd2 dxe4 30. Bh6 exd3 31. Rxg7+ Kh8 32. Rxf7 Rxe1+ 33. Qxe1 Qe5 34.
Qh4 Qd4+ 35. Qxd4 Nxd4 36. Rxf6 Rd8 37. Kf2 Kg8 38. Bg5 Rd5 39. g4 Kg7 40. Rb6
Nxf5 41. Rxb7+ Kg6 42. Bd2 Nd6 43. Rb6 h5 44. Rxa6 hxg4 45. hxg4 Kf7 46. Ra4
Re5 47. Be3 d2 48. Rd4 Nc4 49. Bxd2 1-0

[Event "XXXII C.to Italiano Seniores"]
[Site "Arvier ITA"]
[Date "2010.04.27"]
[Round "9"]
[White "Lisandri, Luigi"]
[Black "Bogatto, Mario"]
[Result "1-0"]
[WhiteElo "1488"]
[BlackElo "1451"]
[PlyCount "102"]
[EventDate "2010.04.18"]

1. c4 e5 2. Nc3 Nf6 3. e3 d6 4. Be2 Be7 5. Nf3 Nbd7 6. b3 Nc5 7. d3 Rb8 8. Ba3
Ne6 9. Qc1 b6 10. O-O O-O 11. Rb1 Bb7 12. Rd1 c6 13. Ne1 Qc7 14. Bf3 Rfd8 15.
Ne4 Nxe4 16. Bxe4 Nf8 17. g3 c5 18. Bxb7 Qxb7 19. e4 Bf6 20. Qe3 Qe7 21. Qf3
Ng6 22. Bc1 Bg5 23. Qf5 Bxc1 24. Rbxc1 Rb7 25. Nf3 Qf6 26. Qxf6 gxf6 27. Nh4
Nxh4 28. gxh4 Kh8 29. Kh1 Rg8 30. Rg1 Rg6 31. Rg3 Rb8 32. Rxg6 fxg6 33. Rg1 Rg8
34. Rg3 h6 35. Kg2 Kg7 36. h3 Kf7 37. Kf3 h5 38. Ke3 Ke6 39. Kf3 Rg7 40. Ke2 a6
41. a4 Kf7 42. Ke3 Rg8 43. f4 exf4+ 44. Kxf4 Re8 45. Re3 a5 46. Rg3 Re5 47. Rg1
Kg7 48. Rd1 f5 49. Re1 Kf6 50. Re3 Re6 51. Rg3 Re5 1-0

[Event "XXXII C.to Italiano Seniores"]
[Site "Arvier ITA"]
[Date "2010.04.27"]
[Round "9"]
[White "Neuhold, Piero"]
[Black "Maestri, Roberto"]
[Result "0-1"]
[WhiteElo "1557"]
[BlackElo "1630"]
[PlyCount "90"]
[EventDate "2010.04.18"]

1. d4 Nf6 2. c4 e5 3. Nf3 exd4 4. Nxd4 Bc5 5. Nf3 O-O 6. Nc3 Nc6 7. e3 d6 8.
Be2 Bf5 9. O-O Nb4 10. Qd2 Ne4 11. Nxe4 Bxe4 12. Ne1 Qg5 13. Bf3 f5 14. Bxe4
fxe4 15. a3 Nc6 16. Qd5+ Qxd5 17. cxd5 Ne7 18. b4 Bb6 19. a4 a6 20. a5 Ba7 21.
Bb2 Nxd5 22. Nc2 b6 23. Rad1 c6 24. Bd4 bxa5 25. Bxa7 Rxa7 26. bxa5 Rb7 27. Nd4
Rc8 28. Nxc6 Nxe3 29. Ne7+ Rxe7 30. fxe3 Rd7 31. Rd4 d5 32. Rfd1 Rc5 33. Ra1
Rb7 34. Kf2 Rbb5 35. Rda4 Kf7 36. Kg3 Ke6 37. Kf4 h6 38. h4 Rc2 39. R1a2 Rbb2
40. Rxb2 Rxb2 41. g4 Rf2+ 42. Kg3 Rf3+ 43. Kg2 Rxe3 44. h5 Ke5 45. Ra2 Kf4 0-1

[Event "XXXII C.to Italiano Seniores"]
[Site "Arvier ITA"]
[Date "2010.04.27"]
[Round "9"]
[White "Pettarini, Renato"]
[Black "Cesati Cassin, Giorgio"]
[Result "1/2-1/2"]
[WhiteElo "1775"]
[BlackElo "1567"]
[PlyCount "28"]
[EventDate "2010.04.18"]

1. c4 g6 2. Nc3 Bg7 3. e4 d6 4. g3 e5 5. Bg2 Ne7 6. Nge2 O-O 7. O-O Be6 8. d3
Nbc6 9. Nd5 Qd7 10. Bh6 Bh3 11. Qd2 Bxg2 12. Kxg2 Nxd5 13. cxd5 Ne7 14. Bxg7
Kxg7 1/2-1/2

[Event "XXXII C.to Italiano Seniores"]
[Site "Arvier ITA"]
[Date "2010.04.27"]
[Round "9"]
[White "Piazza, Giacomo"]
[Black "Levato, Biagio"]
[Result "1-0"]
[WhiteElo "1634"]
[BlackElo "1539"]
[PlyCount "89"]
[EventDate "2010.04.18"]

1. Nf3 Nf6 2. b3 g6 3. Bb2 Bg7 4. d3 d5 5. e3 Nc6 6. a3 a5 7. Nbd2 O-O 8. h3
Re8 9. Be2 Bd7 10. g4 e5 11. c4 Bc8 12. Qc2 b6 13. cxd5 Qxd5 14. Rg1 Bb7 15. h4
Qd7 16. h5 Nxg4 17. hxg6 fxg6 18. Qc4+ Kh8 19. Qxg4 Qf7 20. Ng5 Qe7 21. Qh3 Bf6
22. Nde4 Rf8 23. f4 Bc8 24. Qh2 Bf5 25. Nxf6 Rxf6 26. e4 Bd7 27. Rh1 Rf7 28.
Nxf7+ Qxf7 29. fxe5 Kg8 30. d4 Re8 31. Bc4 Be6 32. Rf1 Qg7 33. Bxe6+ Rxe6 34.
d5 Nxe5 35. Bxe5 Rxe5 36. Qe2 Qe7 37. Rf4 Qc5 38. Rd1 Qg1+ 39. Kd2 Qd4+ 40. Kc2
Qc5+ 41. Qc4 Qd6 42. Qc6 Qxa3 43. Rb1 Qb4 44. Qc4 Qe7 45. d6+ 1-0

[Event "XXXII C.to Italiano Seniores"]
[Site "Arvier ITA"]
[Date "2010.04.27"]
[Round "9"]
[White "Placchetta, Omero"]
[Black "Papa, Angelo"]
[Result "0-1"]
[WhiteElo "1668"]
[BlackElo "1855"]
[PlyCount "65"]
[EventDate "2010.04.18"]

1. e4 g6 2. d4 Bg7 3. Nf3 d6 4. c3 Nf6 5. Bd3 O-O 6. h3 Nc6 7. O-O e5 8. d5 Ne7
9. Bg5 h6 10. Bxf6 Bxf6 11. Qd2 Bg7 12. Nh2 f5 13. exf5 gxf5 14. Be2 Ng6 15. g3
f4 16. Bg4 Bxg4 17. hxg4 Qd7 18. Qd3 fxg3 19. fxg3 Rxf1+ 20. Kxf1 Rf8+ 21. Kg2
Qf7 22. Qf3 Qxf3+ 23. Nxf3 Ne7 24. Nbd2 Nxd5 25. Re1 Nf6 26. Nh2 Nd7 27. Nhf3
d5 28. Nh4 Kh7 29. Nf5 e4 30. Rh1 Ne5 31. Nxg7 Kxg7 32. Rh5 Nxg4 33. Rxd5 0-1

[Event "XXXII C.to Italiano Seniores"]
[Site "Arvier ITA"]
[Date "2010.04.27"]
[Round "9"]
[White "Quagliarella, Sabino Remo"]
[Black "Colombo, Paolo"]
[Result "0-1"]
[WhiteElo "1916"]
[BlackElo "2119"]
[PlyCount "146"]
[EventDate "2010.04.18"]

1. d4 Nf6 2. Nf3 d6 3. e3 c6 4. Be2 Bg4 5. Nbd2 Nbd7 6. O-O Qc7 7. e4 e5 8. c3
Be7 9. h3 Bh5 10. Re1 O-O 11. Qc2 Rfe8 12. dxe5 dxe5 13. Nf1 Bg6 14. Ng3 Nc5
15. Bc4 b5 16. Bf1 Nfd7 17. Be3 Ne6 18. Rad1 Nb6 19. b3 Nd5 20. Nf5 Nxe3 21.
Nxe7+ Qxe7 22. Rxe3 Qf6 23. g3 Rad8 24. Bg2 h6 25. Nh4 Bh7 26. Rxd8 Rxd8 27.
Rd3 Nc5 28. Rxd8+ Qxd8 29. Nf5 Kf8 30. c4 Ne6 31. cxb5 cxb5 32. Qc3 Bxf5 33.
exf5 Nd4 34. Qc5+ Qe7 35. Qc8+ Qe8 36. Qc5+ Kg8 37. f6 gxf6 38. Qxa7 Qc8 39.
Qa8 Qxa8 40. Bxa8 b4 41. Kf1 Nb5 42. Ke1 Nc3 43. Kd2 Nxa2 44. Kd3 f5 45. f3 Kg7
46. Bd5 Kf6 47. Kc4 Ke7 48. g4 fxg4 49. fxg4 Kd6 50. h4 Ke7 51. Be4 Kd6 52. Bf5
Kc6 53. h5 f6 54. Bb1 Nc3 55. Bf5 Nd1 56. Kxb4 Ne3 57. Be4+ Kd6 58. Bf3 f5 59.
g5 e4 60. Be2 Nd5+ 61. Ka5 hxg5 62. h6 Nf6 63. b4 Kc7 64. Kb5 f4 65. Kc4 f3 66.
Bf1 g4 67. Kd4 g3 68. Ke3 Kb6 69. Bh3 Kb5 70. Bf5 g2 71. Kf2 e3+ 72. Kg1 Kxb4
73. h7 Nxh7 0-1

[Event "XXXII C.to Italiano Seniores"]
[Site "Arvier ITA"]
[Date "2010.04.27"]
[Round "9"]
[White "Rossi, Giampiero"]
[Black "D'Aulisa, Francesco"]
[Result "1-0"]
[WhiteElo "1914"]
[BlackElo "1741"]
[PlyCount "117"]
[EventDate "2010.04.18"]

1. d4 e6 2. c4 d6 3. Nc3 Nd7 4. e4 h6 5. Be3 Ne7 6. f4 g6 7. Nf3 b6 8. Bd3 Bg7
9. O-O Bb7 10. Qd2 d5 11. cxd5 exd5 12. e5 a6 13. Rac1 c5 14. b3 Rc8 15. Qe2 b5
16. dxc5 Nxc5 17. Bxb5+ Kf8 18. Bd3 Rg8 19. Rfd1 Qd7 20. Nd4 Bh8 21. g3 Kg7 22.
Bb1 Kh7 23. b4 Ne6 24. Nxe6 Qxe6 25. Bc5 Nf5 26. Bxf5 gxf5 27. Rd4 Rg4 28. Rcd1
Rd8 29. Qd3 Qg6 30. Rd2 h5 31. Nd1 Qe6 32. Ne3 Rg6 33. Qxf5 h4 34. Qxe6 fxe6
35. Kf2 hxg3+ 36. hxg3 Rc8 37. g4 a5 38. a3 Rc7 39. Kf3 Rf7 40. Bd6 Bg7 41. Rc2
Bf8 42. Rc7 Rxc7 43. Bxc7 axb4 44. axb4 Rg7 45. Ba5 Rf7 46. Kg3 Bg7 47. g5 Kg6
48. Kg4 Ba6 49. Rd2 Rd7 50. Nc2 Bf8 51. Nd4 Re7 52. Bb6 Bg7 53. Bc5 Re8 54. Ra2
Bd3 55. Ra7 Bf5+ 56. Nxf5 exf5+ 57. Kg3 Bxe5 58. Ra6+ Kg7 59. fxe5 1-0

[Event "XXXII C.to Italiano Seniores"]
[Site "Arvier ITA"]
[Date "2010.04.27"]
[Round "9"]
[White "Tibaldeschi, Attilio"]
[Black "Beltrami, Nerio"]
[Result "0-1"]
[WhiteElo "1750"]
[BlackElo "2027"]
[PlyCount "50"]
[EventDate "2010.04.18"]

1. Nf3 g6 2. Nc3 Bg7 3. e3 e5 4. d3 Ne7 5. e4 O-O 6. Be2 Nbc6 7. b3 d6 8. Bb2
a6 9. O-O f5 10. h3 f4 11. Rc1 Bf6 12. a3 g5 13. Nh2 Nd4 14. Bg4 c6 15. Ne2 Ne6
16. d4 Ng6 17. d5 Nc5 18. Bf3 Nh4 19. Ng4 Nxf3+ 20. gxf3 Bg7 21. b4 Na4 22. Ba1
h5 23. c4 hxg4 24. Qxa4 gxf3 25. Nc3 Qd7 0-1

[Event "III C.to Italiano a squadre femminile"]
[Site "Arvier ITA"]
[Date "2010.04.29"]
[Round "1"]
[White "Barbiso, Tiziana"]
[Black "De Rosa, Mariagrazia"]
[Result "1-0"]
[WhiteElo "2010"]
[BlackElo "2089"]
[PlyCount "135"]
[EventDate "2010.04.29"]

1. e4 c5 2. Nc3 e6 3. f4 d5 4. Nf3 Nf6 5. e5 Ng4 6. Be2 Nc6 7. O-O Nh6 8. Qe1
Be7 9. d3 O-O 10. Kh1 a6 11. Rg1 Nf5 12. g4 Nfd4 13. Bd1 b5 14. g5 b4 15. Nb1
Nxf3 16. Bxf3 Nd4 17. Qf2 Qa5 18. Rg3 Bb7 19. Rh3 Nf5 20. Bg4 d4+ 21. Kg1 g6
22. Bxf5 exf5 23. Rh6 c4 24. Qg3 Qd5 25. Nd2 c3 26. bxc3 dxc3 27. Nb3 a5 28.
Qh3 Qh1+ 29. Kf2 Qd1 30. Rxh7 Qf3+ 31. Qxf3 Bxf3 32. Rh3 Bd1 33. Nd4 Bc5 34.
Be3 Bg4 35. Rg3 Rfd8 36. Nxf5 Bxf5 37. Bxc5 Rd5 38. Bd6 Ra7 39. Rgg1 Rb7 40.
Rgb1 Kg7 41. Rb3 Rd4 42. Ke3 Rd5 43. a3 Rdb5 44. axb4 axb4 45. Rab1 Be6 46.
Rxb4 Rxb4 47. Rxb4 Ra7 48. Kd4 Ra3 49. Rb1 Ra4+ 50. Kxc3 Rxf4 51. Rb4 Rf2 52.
Rh4 Rg2 53. Be7 f5 54. exf6+ Kg8 55. Rb4 Rxh2 56. Rb8+ Kh7 57. Bf8 Rh5 58. Bg7
Bg8 59. Bh6 Rh2 60. Rb7+ Kh8 61. f7 Rf2 62. fxg8=Q+ Kxg8 63. Rg7+ Kh8 64. Rxg6
Kh7 65. Re6 Rg2 66. d4 Kg8 67. Rf6 Rg4 68. g6 1-0

[Event "III C.to Italiano a squadre femminile"]
[Site "Arvier ITA"]
[Date "2010.04.29"]
[Round "1"]
[White "Di Primio, Eugenia"]
[Black "Matta, Francesca"]
[Result "1-0"]
[WhiteElo "1994"]
[BlackElo "1887"]
[PlyCount "69"]
[EventDate "2010.04.29"]

1. e4 c5 2. Nc3 Nc6 3. Bb5 d6 4. Bxc6+ bxc6 5. d3 Nf6 6. f4 g6 7. Nf3 Bg7 8.
O-O O-O 9. Qe1 e6 10. e5 Nd5 11. Ne4 dxe5 12. fxe5 f6 13. Nxc5 Qb6 14. d4 fxe5
15. Nxe5 Rxf1+ 16. Kxf1 Ba6+ 17. Nxa6 Qxa6+ 18. Kg1 Rf8 19. Nf3 Kh8 20. c3 Nc7
21. Bg5 Qb5 22. Qd2 e5 23. dxe5 Bxe5 24. Bh6 Bg7 25. Bxg7+ Kxg7 26. Re1 Qc5+
27. Qd4+ Qxd4+ 28. Nxd4 c5 29. Re7+ Rf7 30. Rxc7 cxd4 31. Rxf7+ Kxf7 32. cxd4
Ke6 33. Kf2 Kd5 34. Ke3 a6 35. b3 1-0

[Event "III C.to Italiano a squadre femminile"]
[Site "Arvier ITA"]
[Date "2010.04.29"]
[Round "1"]
[White "Fierro Baquero, Martha Lorena"]
[Black "Ravazzolo, Gaia"]
[Result "1-0"]
[WhiteElo "2356"]
[BlackElo "1713"]
[PlyCount "57"]
[EventDate "2010.04.29"]

1. e4 c6 2. c4 d5 3. exd5 cxd5 4. cxd5 Nf6 5. Qa4+ Bd7 6. Qb3 Qc7 7. Nc3 a6 8.
d4 Bf5 9. Nf3 Nbd7 10. a4 Ne4 11. Nh4 Nd6 12. Bf4 Bg6 13. Be2 Qb6 14. Qxb6 Nxb6
15. a5 Nd7 16. Nxg6 hxg6 17. O-O Nf5 18. Rfd1 Nf6 19. Rac1 Nh5 20. Be5 Nd6 21.
Na4 Nf6 22. Nb6 Rb8 23. Rc7 e6 24. dxe6 fxe6 25. Bd3 Nf5 26. Bc4 Nd6 27. Bxe6
Be7 28. Rdc1 Kf8 29. Bxf6 1-0

[Event "III C.to Italiano a squadre femminile"]
[Site "Arvier ITA"]
[Date "2010.04.30"]
[Round "2"]
[White "Messina, Roberta"]
[Black "De Rosa, Mariagrazia"]
[Result "0-1"]
[WhiteElo "1890"]
[BlackElo "2089"]
[PlyCount "74"]
[EventDate "2010.04.29"]

1. e4 c5 2. Nf3 d6 3. d4 cxd4 4. Nxd4 Nf6 5. Nc3 a6 6. h3 e6 7. g4 h6 8. Bg2
Qc7 9. O-O Nc6 10. Re1 Be7 11. Be3 Bd7 12. Nde2 b5 13. a3 Rb8 14. f4 Bc8 15.
Ng3 Na5 16. Nce2 Nc4 17. Bc1 g5 18. b3 gxf4 19. bxc4 fxg3 20. Nxg3 Qxc4 21. Bb2
Rg8 22. Qf3 Nd7 23. Rf1 f6 24. Nh5 Rf8 25. Nf4 Ne5 26. Qg3 Bb7 27. Bxe5 dxe5
28. Nh5 Bxe4 29. Ng7+ Kf7 30. Nh5 Bxg2 31. Qxg2 Bc5+ 32. Kh2 Ke7 33. Qd2 Rbd8
34. Qxh6 Qxc2+ 35. Kh1 Qe4+ 36. Kh2 Qe2+ 37. Kh1 Rd2 0-1